| 000 | 00945cas a2200277u| 4500 | ||
|---|---|---|---|
| 001 | 14905 | ||
| 003 | BD-RjUL | ||
| 005 | 20211208235720.0 | ||
| 008 | 140208s1966 enkab|||||||||| ||eng|d | ||
| 035 | _a(BD-RjUL)14959 | ||
| 040 |
_aDLC _cCarP _dDLC _dBD-RjUL _beng |
||
| 041 | _aeng | ||
| 082 | 0 | 0 |
_a647.942 _bHOT 1966 |
| 245 | 0 | 0 | _aHotels and restaurants in Britain. Overseas edition / |
| 260 |
_aLondon : _bBritish Travel and Holidays Association, _c1966 |
||
| 300 |
_a210p. : _billus., maps (part fold.) ; _c22 cm. |
||
| 500 | _aTitle varies as Hotels and restaurants in the British Isles. Overseas edition. | ||
| 650 | 0 |
_aHotels. _zGreat Britain. _946403 |
|
| 650 | 0 |
_aHotels. _945184 |
|
| 650 | 0 |
_aRestaurants _zGreat Britain. _946404 |
|
| 710 | 2 |
_aBritish Travel and Holiday Association. [from old catalog] _946405 |
|
| 740 | 0 | _aHotels in the British Isles. | |
| 942 |
_2ddc _cBK |
||
| 999 |
_c14905 _d14905 |
||